000 00578nam a2200229Ia 4500
005 20241216010501.0
008 180423s9999||||xx |||||||||||||| ||und||
020 _a968-444-340-4
082 _a547
_bM79
100 _aMORRISON, ROBERT T. Y OTRO
245 0 _aQUIMICA ORGANICA
250 _a5
260 _aMEXICO
_bADDISON WESLEY LONGMAN
_c1998
300 _a1474 pag
_c25 cm
341 _h0
490 _v0
_a0
505 _aSISTEMA ESPECIALES-BIOMOLECULAS/FUNDAMENTOS
541 _aC
_d06-Jun-00
650 _aCIENCIAS PURAS
856 _zCC. Puras
942 _cLIBRO
999 _c15680
_d15680